00724nam a2200253 a 4500001001000000003000500010005001700015008004100032010001100073011001100084040000900095082001500104245009300119260004800212300002100260505003000281650001600311650003200327650001100359650002500370650002300395700002600418700002600444000108194CHAP20220329144002.0131217s2009 xxuaj |r| ||||||eng d a104656 a105628 cCHAP04a639.3bA6510aAquaculture microbiology and biotechnology /ceditado por Didier Montet y Ramesh C. Ray. aEnfield, New Hampshire :bScience,cc2009-. av. :bil., tabs. aLa biblioteca tiene : v.214aAcuicultura14aMicrobiología acuática.14aPeces.14aPecesxEnfermedades.14aPecesxGenética.1 aMontet, Didierb, ed.1 aRay, Ramesh C.b, ed.